header

Shellfish mariculture in Drakes Estero, Point Reyes National Seashore, California (Record no. 59643)

MARC details
000 -LEADER
fixed length control field 01916nam a2200337 a 4500
245 10 - TITLE STATEMENT
Title Shellfish mariculture in Drakes Estero, Point Reyes National Seashore, California
260 ## - PUBLICATION, DISTRIBUTION, ETC. (IMPRINT)
Place of publication Washington, D.C. :
Name of publisher National Academies Press,
Year of publication c2009.
300 ## - PHYSICAL DESCRIPTION
Number of Pages x, 128 p. :
Other physical details ill., maps.
650 #0 - SUBJECT ADDED ENTRY--TOPICAL TERM
Topical Term Shellfish culture
Topical Term Shellfish fisheries
Topical Term Mariculture
Topical Term Marine ecosystem management
Topical Term Marine resources
856 40 - ELECTRONIC LOCATION AND ACCESS
Uniform Resource Identifier http://site.ebrary.com/lib/rucke/Doc?id=10318111

No items available.

© 2026 Rongo University
Contact us: librarian | system librarian | Rongo university